Principles & Practice of Banking and insurance (Record no. 983)

MARC details
000 -LEADER
Fixed length control field 00469nam a2200169 4500
003 - CONTROL NUMBER IDENTIFIER
Control field SEACOMMC
005 - DATE AND TIME OF LATEST TRANSACTION
Control field 20250430123950.0
008 - FIXED-LENGTH DATA ELEMENTS--GENERAL INFORMATION
Fixed length control field 250110b |||||||| |||| 00| 0 eng d
020 ## - INTERNATIONAL STANDARD BOOK NUMBER / ISBN
International Standard Book Number 978-81-8488-488-3
Price Rs.115.00
040 ## - CATALOGING SOURCE
Original cataloging agency SEACOMMC
082 ## - DEWEY DECIMAL CLASSIFICATION NUMBER
Classification number 332.1
Book Number A 261
100 ## - MAIN ENTRY--PERSONAL NAME
Personal name Agarwal, O P
245 1# - TITLE STATEMENT
Title Principles & Practice of Banking and insurance
Statement of responsibility O. P. Agarwal
260 ## - IMPRINT
Place of publication Mumbai
Name of publisher Himalaya Publishing House
Date of publication 2006
650 ## - SUBJECT ADDED ENTRY--TOPICAL TERM
Topical term Insurance
942 ## - ADDED ENTRY ELEMENTS (KOHA)
Koha item type Books
Holdings
Withdrawn status Lost status Source of classification Damaged status Not for loan Home library Current library Shelving location Date acquired Total Checkouts Call number Accession number Date last seen Price effective from Koha item type Copy number
    Dewey Decimal Classification     SEACOM MANAGEMENT COLLEGE SEACOM MANAGEMENT COLLEGE Reference 26/12/2007   332.1 A 261 M-1599 10/01/2025 10/01/2025 Books  
    Dewey Decimal Classification     SEACOM MANAGEMENT COLLEGE SEACOM MANAGEMENT COLLEGE   26/12/2007   332.1 A 261 M-1600 10/01/2025 10/01/2025 Books 1
    Dewey Decimal Classification     SEACOM MANAGEMENT COLLEGE SEACOM MANAGEMENT COLLEGE   26/12/2007   332.1 A 261 M-1601 10/01/2025 10/01/2025 Books 2
© Seacom Engineering College, All rights reserved.    Powered by Koha